<?xml version="1.0" encoding="UTF-8"?>
<record
    xmlns:xsi="http://www.w3.org/2001/XMLSchema-instance"
    xsi:schemaLocation="http://www.loc.gov/MARC21/slim http://www.loc.gov/standards/marcxml/schema/MARC21slim.xsd"
    xmlns="http://www.loc.gov/MARC21/slim">

  <leader>03331nam a2200565Ia 4500</leader>
  <controlfield tag="001">3791</controlfield>
  <controlfield tag="008">241029s9999    xx            000 0 und d</controlfield>
  <datafield tag="010" ind1=" " ind2=" ">
    <subfield code="a">3556</subfield>
  </datafield>
  <datafield tag="041" ind1=" " ind2=" ">
    <subfield code="a">Espa&#xF1;ol</subfield>
  </datafield>
  <datafield tag="082" ind1=" " ind2=" ">
    <subfield code="a">CURNE. Ped-111. F.H. 2009. M.A.</subfield>
  </datafield>
  <datafield tag="245" ind1=" " ind2="0">
    <subfield code="a">Actitud del docente frente a la motivaci&#xF3;n y rendimiento acad&#xE9;mico de alumnos repitientes del Liceo Juan Pablo Duarte, nivel medio, tanda nocturna, San Francisco de Macor&#xED;s, a&#xF1;o 2005-2006.</subfield>
  </datafield>
  <datafield tag="260" ind1=" " ind2=" ">
    <subfield code="a">Duarte</subfield>
  </datafield>
  <datafield tag="300" ind1=" " ind2=" ">
    <subfield code="a">127</subfield>
  </datafield>
  <datafield tag="520" ind1=" " ind2=" ">
    <subfield code="a">6</subfield>
  </datafield>
  <datafield tag="630" ind1=" " ind2=" ">
    <subfield code="a">Actitud de los Docentes</subfield>
  </datafield>
  <datafield tag="630" ind1=" " ind2=" ">
    <subfield code="a">Motivaci&#xF3;n</subfield>
  </datafield>
  <datafield tag="630" ind1=" " ind2=" ">
    <subfield code="a">Redimiento acad&#xE9;mico</subfield>
  </datafield>
  <datafield tag="630" ind1=" " ind2=" ">
    <subfield code="a">Repetici&#xF3;n de Cursos</subfield>
  </datafield>
  <datafield tag="650" ind1=" " ind2=" ">
    <subfield code="a">Rendimiento</subfield>
  </datafield>
  <datafield tag="690" ind1=" " ind2=" ">
    <subfield code="a">Sintetizado</subfield>
  </datafield>
  <datafield tag="700" ind1=" " ind2=" ">
    <subfield code="e">asesor</subfield>
    <subfield code="a">Mena, Alma </subfield>
  </datafield>
  <datafield tag="700" ind1=" " ind2=" ">
    <subfield code="e">autor</subfield>
    <subfield code="a">Burgos Vargas,  In&#xE9;s </subfield>
  </datafield>
  <datafield tag="700" ind1=" " ind2=" ">
    <subfield code="e">autor</subfield>
    <subfield code="a">De Los &#xC3;&#x81;ngeles Garc&#xED;a, Miriam Estela</subfield>
  </datafield>
  <datafield tag="901" ind1=" " ind2=" ">
    <subfield code="a">{"1":"Burgos Vargas","2":"De Los &#xC3;&#x81;ngeles Garc&#xED;a"}</subfield>
    <subfield code="b">{"1":" In&#xE9;s ","2":"Miriam Estela"}</subfield>
  </datafield>
  <datafield tag="902" ind1=" " ind2=" ">
    <subfield code="a">1</subfield>
  </datafield>
  <datafield tag="903" ind1=" " ind2=" ">
    <subfield code="a">{"1":"Mena"}</subfield>
    <subfield code="b">{"1":"Alma "}</subfield>
  </datafield>
  <datafield tag="904" ind1=" " ind2=" ">
    <subfield code="a">Mag&#xED;ster en</subfield>
  </datafield>
  <datafield tag="905" ind1=" " ind2=" ">
    <subfield code="a">Orientaci&#xF3;n Educativa e Intervenci&#xF3;n Psicopedag&#xF3;gica</subfield>
  </datafield>
  <datafield tag="906" ind1=" " ind2=" ">
    <subfield code="a">2</subfield>
  </datafield>
  <datafield tag="907" ind1=" " ind2=" ">
    <subfield code="a">NO APLICA</subfield>
  </datafield>
  <datafield tag="908" ind1=" " ind2=" ">
    <subfield code="a">NO APLICA</subfield>
  </datafield>
  <datafield tag="909" ind1=" " ind2=" ">
    <subfield code="a">Universidad Aut&#xF3;noma de Santo Domingo (UASD)</subfield>
  </datafield>
  <datafield tag="910" ind1=" " ind2=" ">
    <subfield code="a">NULL</subfield>
    <subfield code="b">NULL</subfield>
  </datafield>
  <datafield tag="911" ind1=" " ind2=" ">
    <subfield code="a">["1"]</subfield>
  </datafield>
  <datafield tag="912" ind1=" " ind2=" ">
    <subfield code="a">NO APLICA</subfield>
  </datafield>
  <datafield tag="913" ind1=" " ind2=" ">
    <subfield code="a">NULL</subfield>
  </datafield>
  <datafield tag="914" ind1=" " ind2=" ">
    <subfield code="a">05 de Octubre de 2009</subfield>
  </datafield>
  <datafield tag="915" ind1=" " ind2=" ">
    <subfield code="a">31/10/19 03:10</subfield>
  </datafield>
  <datafield tag="916" ind1=" " ind2=" ">
    <subfield code="a">NULL</subfield>
  </datafield>
  <datafield tag="917" ind1=" " ind2=" ">
    <subfield code="a">NULL</subfield>
  </datafield>
  <datafield tag="918" ind1=" " ind2=" ">
    <subfield code="a">NO APLICA</subfield>
  </datafield>
  <datafield tag="919" ind1=" " ind2=" ">
    <subfield code="a">["4","143","242","178"]</subfield>
  </datafield>
  <datafield tag="520" ind1=" " ind2=" ">
    <subfield code="a">La problem&#xE1;tica que se trabaj&#xF3; en esta investigaci&#xF3;n se realiz&#xF3; con la finalidad de determinar la actitud del docente frente a la motivaci&#xF3;n y rendimiento acad&#xE9;mico de los alumnos repitientes del Liceo Juan Pablo Duarte, nivel medio, tanda nocturna, Distrito Educativo 07-06, San Francisco de Macor&#xED;s, a&#xF1;o 2005-2006.El dise&#xF1;o metodol&#xF3;gico de esta investigaci&#xF3;n es del tipo descriptiva. De una poblaci&#xF3;n de veintis&#xE9;is (26) docentes, se seleccion&#xF3; una muestra de veinte (20) docentes. Los seis (6) restantes no devolvieron el instrumento. De un total de sesenta y seis (66) alumnos repitientes, se escogi&#xF3; una muestra de veintid&#xF3;s (22), elegidos al azar. De estos solo diecinueve (19) acudieron a la cita para la aplicaci&#xF3;n del instrumento. Las t&#xE9;cnicas utilizadas para la obtenci&#xF3;n de los datos fueron: cuestionario a docentes, cuestionario a alumnos, consulta a documentos oficiales del centro y entrevista.Entre los hallazgos m&#xE1;s relevantes se destacan los siguientes: las &#xE1;reas donde se concentran la mayor cantidad de docentes son matem&#xE1;ticas, lengua espa&#xF1;ola y ciencias sociales, que son en las que m&#xE1;s reprueban los alumnos. Por otro lado, el 45% de los docentes tiene grado de maestr&#xED;a. El 65% de los docentes afirma que los alumnos no utilizan t&#xE9;cnicas para realizar sus tareas. Un 75% sostiene que las dificultades de aprendizaje la provocan los deficientes h&#xE1;bitos de estudios. De igual modo, el 55% est&#xE1;n de acuerdo que la motivaci&#xF3;n del docente es clave para mejorar el rendimiento acad&#xE9;mico de los alumnos.En conclusi&#xF3;n se comprob&#xF3; que la actitud del docente influye en la motivaci&#xF3;n y el rendimiento acad&#xE9;mico de los alumnos repitientes.</subfield>
  </datafield>
  <datafield tag="921" ind1=" " ind2=" ">
    <subfield code="a">28</subfield>
  </datafield>
  <datafield tag="922" ind1=" " ind2=" ">
    <subfield code="a">28</subfield>
  </datafield>
  <datafield tag="923" ind1=" " ind2=" ">
    <subfield code="a">0</subfield>
  </datafield>
  <datafield tag="924" ind1=" " ind2=" ">
    <subfield code="a">NO APLICA</subfield>
  </datafield>
  <datafield tag="942" ind1=" " ind2=" ">
    <subfield code="c">Tesis</subfield>
  </datafield>
  <datafield tag="999" ind1=" " ind2=" ">
    <subfield code="c">3556</subfield>
    <subfield code="d">3556</subfield>
  </datafield>
</record>
